LEADER 01642nam a2200301 4500 001 000000360187 003 CaOOAMICUS 005 20251028163845.0 008 241008s2016 it a 000 u ita r 020 $a978-88-6723-199-7 040 $aSeMil$bita 100 1 $aWarburg, Aby,$d<1866-1929>.$0(OLS)http://semarc/name/64576 245 10$aDivinazione antica pagana in testi e immagini dell'età di Lutero /$cAby Warburg ; traduzione di Emma Cantimori. 264 1$aMilano :$bSE,$c2016. 300 $a106 p., [11] carte di tav. :$bill. ;$c22 cm 490 1 $aTesti e documenti ;$v245 500 $aOriginariamente pubblicato in: Sitzungsberichte der Heidelberger Akademie der Wissenschaften, Philosophisch-Historische Klasse, 26 (1919), con il titolo: Heidnisch-antike Weissagung in Wort und Bild zu Luthers Zeiten 650 4$aDivinazione - Germania - Sec. 16.$0(OLS)http://semarc/subject/56450 650 4$aGreci - Miti cosmogonici - Fortuna - Germania - Sec. 16. - Fonti documentarie.$0(OLS)http://semarc/subject/56451 650 4$aPaganesimo - Simbolismo.$0(OLS)http://semarc/subject/58572 700 1 $aCantimori Mezzomonti, Emma.$0(OLS)http://semarc/name/59828 830 0$aTesti e documenti ;$v245.$0(OLS)http://semarc/title/37388 850 $aSeMil 852 $aSeMil$W1$xVenegono$y1$m3U III 588$j263941$B251216$CSeMilBibl$Z2$F251216 $81 996 $6020$a978-88-6723-199-7$9(OLS)http://semarc/number/301451 996 $6245$aDivinazione antica pagana in testi e immagini dell'età di Lutero$9(OLS)http://semarc/title/450650 996 $6264$aMilano :$bSE$9(OLS)http://semarc/publisher/30679 LEADER 00975nam a2200241 i 4500 001 000000218904 003 CaOOAMICUS 005 20130222000000.0 008 130222s1983 it u000 u ita u 013 $a197801 040 $aSeMil$bita 100 1 $aParisi, Pio .$0(OLS)http://semarc/name/92791 245 10$aSesto giorno :$bmeditazioni sul lavoro di Dio e degli uomini /$cPio Parisi. 260 $aRoma :$bAVE,$c1983. 300 $a58 p. ;$c19 cm. 490 0 $aGuidati dallo Spirito ;$v14 650 4$aLavoro - Aspetti religiosi.$0(OLS)http://semarc/subject/6259 830 0$aGuidati dallo Spirito ;$v14.$0(OLS)http://semarc/title/6688 850 $aSeMil 852 $aSeMil$W1$xVenegono$y1$m3F II 550$j169274$B169274$CSeMilBibl$Z2$F180806 $81 961 $aOmaggio: Altro 996 $6245$aSesto giorno :$bmeditazioni sul lavoro di Dio e degli uomini$9(OLS)http://semarc/title/314211 996 $6260$aRoma :$bAVE$9(OLS)http://semarc/publisher/30251